Detalles MARC
| 000 -LÍDER |
| Campo fijo de descripción fija |
02184aam a2200397 i 4500 |
| 001 - NÚMERO DE CONTROL |
| Campo de control |
768714001 |
| 003 - IDENTIFICADOR DEL NÚMERO DE CONTROL |
| Campo de control |
CO-MdFUSB |
| 005 - FECHA Y HORA DE LA ULTIMA TRANSACCIÓN |
| control field |
20211103091035.0 |
| 007 - CAMPO FIJO DE DESCRIPCIÓN FIJA--INFORMACIÓN GENERAL |
| Campo fijo de descripción fija |
ta |
| 008 - ELEMENTOS DE LONGITUD FIJA -- INFORMACIÓN GENERAL |
| Campo fijo de descripción fija -- Información general |
211102t1996 sp |||| |||| 00| 0 spa d |
| 020 ## - NÚMERO INTERNACIONAL NORMALIZADO PARA LIBROS |
| Número Internacional Normalizado del libro |
8479142537 |
| 040 ## - FUENTE DE CATALOGACIÓN |
| Idioma de catalogación |
spa. |
| Agencia de catalogación original |
CO-MdFUSB |
| Agencia que realiza la transcripción |
CO-MdFUSB |
| Agencia que realiza la modificación |
CO-MdFUSBC |
| Convenciones de la descripción |
rda |
| 041 ## - CÓDIGO DE IDIOMA |
| Código de idioma para texto/pista de sonido o título separado |
spa |
| 082 04 - NÚMERO DE CLASIFICACIÓN DECIMAL DEWEY |
| Número de clasificación |
261.8 |
| Número de la edición del Dewey |
23 |
| Clave de autor-Numero de item |
A162d |
| 245 10 - TÍTULO |
| Título del Material |
Doctrina social de la iglesia : |
| Parte restante del título - Subtitulo |
manual abreviado |
| Mención de responsabilidad, etc. |
/ colaboradores Alfonso A. Cuadrón , Juan Manuel Díaz , Santiago Escudero , Fernando Fuente , Juan Souto |
| 264 #1 - PRODUCCIÓN, PUBLICACIÓN, DISTRIBUCIÓN, MANUFACTURA, Y COPYRIGHT |
| Lugar de producción, publicación, distribución, manufactura |
Madrid, España : |
| Nombre del productor, publicador, distribuidor |
Biblioteca de Autores Cristianos, |
| Fecha de producción, publicación, distribución, manufactura, o copyright |
[1996] |
| 264 #4 - PRODUCCIÓN, PUBLICACIÓN, DISTRIBUCIÓN, MANUFACTURA, Y COPYRIGHT |
| Fecha de producción, publicación, distribución, manufactura, o copyright |
© 1996 |
| 300 ## - DESCRIPCIÓN FÍSICA |
| Extensión |
449 Páginas |
| Dimensiones |
; 22 cm |
| 336 ## - TIPO DE CONTENIDO |
| Término de tipo de contenido |
texto |
| Código de tipo de contenido |
txt |
| Fuente |
rdacontent |
| 337 ## - TIPO DE MEDIO |
| Fuente |
rdamedia |
| Nombre del tipo de medio |
sin mediación |
| Código del tipo de medio |
n |
| 338 ## - TIPO DE SOPORTE |
| Fuente |
rdacarrier |
| Nombre del tipo de soporte |
volumen |
| Código Tipo de soporte |
nc |
| 505 ## - NOTA DE CONTENIDO |
| Título |
Primera parte. Historia e identidad de la doctrina social de la iglesia: |
| Nota de contenido con formato preestablecido |
Historia de la doctrina social de la iglesia. -- Principios y valores permanentes de la DSI. |
| 505 ## - NOTA DE CONTENIDO |
| Título |
Segunda parte. Sociedad: |
| Nota de contenido con formato preestablecido |
La cuestión demográfica. -- La revolución científico-técnica y las modernas tecnologías. -- La cuestión ecológica. -- Familia, mujer, jóvenes y ancianos. |
| 505 ## - NOTA DE CONTENIDO |
| Título |
Tercera parte. Cultura: |
| Nota de contenido con formato preestablecido |
La cultura. -- La educación. -- Los medios de comunicación social. |
| 505 ## - NOTA DE CONTENIDO |
| Título |
Cuarta parte. Economía: |
| Nota de contenido con formato preestablecido |
Economía y ética. -- Finalidad de la economía: la satisfacción de las necesidades humanas. -- El trabajo humano. -- La propiedad. -- La empresa, comunidad de personas. -- El mercado. -- El sindicato. -- La intervención del Estado. -- La dimensión Internacional de la economía. -- El desarrollo de los pueblos. |
| 505 ## - NOTA DE CONTENIDO |
| Título |
Quinta parte. Política: |
| Nota de contenido con formato preestablecido |
Ética y política. -- La comunidad política. -- EL compromiso político del cristiano. - La comunidad internacional. -- Guerra y paz. |
| 563 ## - NOTA DE ENCUADERNACIÓN |
| Nota de encuadernación |
Rústico |
| 653 ## - TÉRMINO DE INDIZACIÓN - NO CONTROLADO |
| Término no controlado |
Doctrina social |
| 700 ## - ASIENTO SECUNDARIO - NOMBRE PERSONAL |
| 9 (RLIN) |
5855 |
| Nombre personal |
Cuadrón, Alfonso A. |
| Responsabilidad |
colaborador |
| 700 ## - ASIENTO SECUNDARIO - NOMBRE PERSONAL |
| 9 (RLIN) |
5856 |
| Nombre personal |
Díaz, Juan Manuel, |
| Responsabilidad |
colaborador |
| 700 ## - ASIENTO SECUNDARIO - NOMBRE PERSONAL |
| 9 (RLIN) |
5857 |
| Nombre personal |
Escudero, Santiago, |
| Responsabilidad |
colaborador |
| 700 ## - ASIENTO SECUNDARIO - NOMBRE PERSONAL |
| 9 (RLIN) |
5858 |
| Nombre personal |
Fuente, Fernando, |
| Responsabilidad |
colaborador |
| 700 ## - ASIENTO SECUNDARIO - NOMBRE PERSONAL |
| 9 (RLIN) |
5859 |
| Nombre personal |
Souto, Juan, |
| Responsabilidad |
colaborador |
| 942 ## - TIPO DE MATERIAL (KOHA) |
| Tipo de Item KOHA |
Libros General |
| 945 ## - INFORMACIÓN LOCAL DEL REGISTRO |
| Catalogador |
JTF-925 |